000 01035nam a2200289Ia 4500
003 GCL
008 140319s9999 xx 000 0 ara d
020 _a6053110977
040 _aGCL /
_cGCL
082 0 4 _a372.218
_bك ت
100 1 _aعبدالفتاح حسن عبدالفتاح
245 1 0 _aالتربية الاجتماعية فى رياض الاطفال /
_cعبدالفتاح حسن عبدالفتاح
700 1 _aكاميليا عبدالفتاح
700 1 _aفوزى محمد عبدالحميد عيسى (مترجم)
700 1 _aكياراندا، ميريلا
260 _aالقاهرة :
_bدار الفكر العربى ،
_c1992
300 _a124ص ؛
_c24 سم
490 _a
650 0 4 _aالتربية
650 0 4 _aالاجتماع التربوى - علم
650 0 4 _aالاطفال
650 0 4 _aرياض الاطفال
650 0 4 _aالاجتماع العائلى
650 0 4 _aالتربية الاسلامية
650 0 4 _aالتربية الاجتماعية
942 _2ddc
_cBK
999 _c31952
_d31952